000 nkm a22 a 4500
999 _c470288
_d470288
003 BLK
005 20230407105351.0
008 220812b bu ||||| |||| 00| 0 bu d
040 _aBLK
041 _aRUS
_cRUS
080 _aСъдържание и форми на работа в предучилищното възпитание и в основното образование. Учебни предмети и учебници за начални и основни училища. 373
_b373
_z373
139 _aРусские сказки
245 _aРусские сказки
_bВыставка рисунков к русским народным сказкам : комплект репродукций
_cрис. В. Лосина; авт. текста А.А. Агамирова
257 _aSUN
260 _9214299
_aМосква
_bМалыш
_c1978
_n5-213-
300 _a12 с.
_bс цв. ил.
_c42 см
_e12 л. ил. в изд. обл.
380 _aDN
500 _aИллюстрации к сказкам.
650 7 _9146731
_aАлбуми
653 7 _9195900
_aруски език
653 7 _9188362
_aкартини
653 7 _9187552
_aилюстрации
700 _9479288
_aЛосин, Вениамин Николаевич
_eрис.
700 _9441957
_aАгамирова, Анна Арменовна
_eтекст
852 _cЦб III 835
856 _i0.00
_ldisable
942 _cGRA
_n0
_04
_s1